| 000 | 00874nam a2200253 a 4500 | ||
|---|---|---|---|
| 001 | BRCA_27 | ||
| 005 | 20190320202841.0 | ||
| 008 | 960808s1996 enka---##b---#001-0#eng-d | ||
| 020 | _a0750624485 | ||
| 040 |
_aUk _cUk _dDLC |
||
| 050 | 4 |
_aNK5104.5 _b.N49 1996 |
|
| 100 | 1 |
_aNewton, Roy G. _9127 |
|
| 245 | 1 | 0 |
_aConservation of Glass _cRoy Newton, Sandra Davison. |
| 260 |
_aBoston _bButterworth-Heinemann _c1996 |
||
| 300 |
_axiii, 318 p. _bil., [2] p. de láminas _c25 cm. |
||
| 440 | 0 |
_aButterworth-Heinemann Series in Conservation and Museology _9128 |
|
| 500 | _aIncluye índice temático, índice de nombres y glosario | ||
| 504 | _aBibliografía: p. 284-305 | ||
| 650 | 1 | 4 |
_aCristalería _xConservación y restauración _9129 |
| 650 | 1 | 4 |
_aVitrales medievales _xConservación y restauración _9130 |
| 653 | 0 | _aVidrio | |
| 700 | 1 |
_aDavison, Sandra _9131 |
|
| 942 |
_2lcc _cB |
||
| 999 |
_c27 _d27 |
||